<?xml version="1.0" encoding="UTF-8"?><?xml-stylesheet type="text/xsl" href="static/style.xsl"?><OAI-PMH xmlns="http://www.openarchives.org/OAI/2.0/" xmlns:xsi="http://www.w3.org/2001/XMLSchema-instance" xsi:schemaLocation="http://www.openarchives.org/OAI/2.0/ http://www.openarchives.org/OAI/2.0/OAI-PMH.xsd"><responseDate>2026-04-13T18:20:52Z</responseDate><request verb="GetRecord" identifier="oai:www.recercat.cat:2099.1/24987" metadataPrefix="marc">https://recercat.cat/oai/request</request><GetRecord><record><header><identifier>oai:recercat.cat:2099.1/24987</identifier><datestamp>2025-07-17T15:52:03Z</datestamp><setSpec>com_2072_1033</setSpec><setSpec>col_2072_452951</setSpec></header><metadata><record xmlns="http://www.loc.gov/MARC21/slim" xmlns:dcterms="http://purl.org/dc/terms/" xmlns:xsi="http://www.w3.org/2001/XMLSchema-instance" xmlns:doc="http://www.lyncode.com/xoai" xsi:schemaLocation="http://www.loc.gov/MARC21/slim http://www.loc.gov/standards/marcxml/schema/MARC21slim.xsd">
   <leader>00925njm 22002777a 4500</leader>
   <datafield ind2=" " ind1=" " tag="042">
      <subfield code="a">dc</subfield>
   </datafield>
   <datafield ind2=" " ind1=" " tag="720">
      <subfield code="a">Taltavull Mercadal, Ignasi</subfield>
      <subfield code="e">author</subfield>
   </datafield>
   <datafield ind2=" " ind1=" " tag="260">
      <subfield code="c">2014-06</subfield>
   </datafield>
   <datafield ind2=" " ind1=" " tag="520">
      <subfield code="a">El tractament de grans conjunts de dades és un dels reptes més importants a què s’enfronta la societat&#xd;
de la informació. Concretament, en aquest projecte es focalitza l’estudi cap a l’obertura de dades, en&#xd;
anglès Open Data, que consisteix en la publicació de dades de forma oberta. Aquesta publicació de grans&#xd;
conjunts de dades, sobretot per part de les administracions públiques, a més d’esdevenir un recurs que&#xd;
permet facilitar i augmentar la transparència, la rendició de comptes i la credibilitat de les activitats i&#xd;
processos de les organitzacions, té una altra vessant relacionada amb la innovació i la creació de nous&#xd;
models de negoci. Per tant, aquestes dues vies fan de l’Open Data una eina amb un potencial econòmic i&#xd;
social molt interessant, tant per a les empreses, com per a les diferents organitzacions públiques o&#xd;
privades i, per extensió, per als ciutadans en general.&#xd;
Per tal de valorar el sistema Open Data i amb la finalitat d’elaborar una anàlisi que permeti establir un&#xd;
marc contextual de la situació de l’Open Data en l’actualitat, s’han analitzat tots els agents que&#xd;
intervenen en la cadena de valor del sistema, començant per les fonts publicadores de dades, fins a&#xd;
arribar a les empreses infomediàries i els productes i serveis desenvolupats per aquestes.&#xd;
En primer lloc, pel que fa a les fonts publicadores de dades, s’ha constatat que es tracta bàsicament&#xd;
d’administracions públiques, ja que l’aportació privada en aquest camp és gairebé residual. D’altra&#xd;
banda, en relació a les dades que es publiquen, s’ha valorat tant el contingut com la qualitat de les&#xd;
mateixes i les conclusions que s’han extret són, pel que fa a quantitat, una manca d’obertura en certs&#xd;
àmbits com Hisenda, Sanitat o Interior, entre d’altres. Fet que s’agreuja per una legislació de caràcter no&#xd;
obligatori. Pel que fa a qualitat de les dades, es detecta una manca d’estandardització entre les diferents&#xd;
iniciatives, tant en els formats de publicació, com en l’estructuració dels mateixos.&#xd;
En segon lloc, s’han analitzat les empreses infomediàries, constatant la diversitat sectorial que&#xd;
presenten, ja que es poden trobar des de start-ups fins a grans multinacionals. També s’han analitzat&#xd;
tant les característiques que presenten pel que fa a la tipologia d’informació reutilitzada, com el volum&#xd;
de negoci que generen, realitzant una aproximació als models de negoci existents a nivell nacional i&#xd;
internacional.&#xd;
Una vegada estudiades les possibilitats de negoci que presenta el sistema, s’ha optat per posar en&#xd;
pràctica dues de les possibilitats que ofereix el sistema. La primera consisteix en utilitzar les dades per&#xd;
fer anàlisis estadístiques i s’han reutilitzat les dades demogràfiques que estan disponibles al portal de&#xd;
l’Ajuntament de Barcelona per elaborar un model estadístic que permet establir la correlació entre el&#xd;
preu de l’habitatge a cada barri i les característiques demogràfiques del mateix. En segon lloc, s’ha&#xd;
desenvolupat un prototip d’aplicació per a dispositius mòbils amb la finalitat de facilitar l’elecció del barri&#xd;
que millor s’adapta a les característiques de cada persona.&#xd;
Finalment, pel que fa al futur de l’Open Data, amb l’estudi realitzat es conclou que es tracta d’una&#xd;
iniciativa amb fortaleses (com demostra la consolidació d’iniciatives pioneres i l’existència d’un marc&#xd;
tecnològic solvent) i una gran quantitat de beneficis potencials, tant socials i econòmics, com&#xd;
mediambientals. D’altra banda, per arribar a assolir tot aquest potencial es necessita una aposta&#xd;
decidida per part de l’administració per tal de superar els reptes tecnològics i socials que es presenten.</subfield>
   </datafield>
   <datafield tag="653" ind2=" " ind1=" ">
      <subfield code="a">Àrees temàtiques de la UPC::Economia i organització d'empreses::Gestió del coneixement::Sistemes d'informació</subfield>
   </datafield>
   <datafield tag="653" ind2=" " ind1=" ">
      <subfield code="a">Àrees temàtiques de la UPC::Informàtica::Sistemes d'informació::Bases de dades</subfield>
   </datafield>
   <datafield tag="653" ind2=" " ind1=" ">
      <subfield code="a">Àrees temàtiques de la UPC::Enginyeria de la telecomunicació::Telemàtica i xarxes d'ordinadors::Internet</subfield>
   </datafield>
   <datafield tag="653" ind2=" " ind1=" ">
      <subfield code="a">Information resources management</subfield>
   </datafield>
   <datafield tag="653" ind2=" " ind1=" ">
      <subfield code="a">Big data</subfield>
   </datafield>
   <datafield tag="653" ind2=" " ind1=" ">
      <subfield code="a">Internet in public administration</subfield>
   </datafield>
   <datafield tag="653" ind2=" " ind1=" ">
      <subfield code="a">Administrative agencies</subfield>
   </datafield>
   <datafield tag="653" ind2=" " ind1=" ">
      <subfield code="a">Web databases -- Management</subfield>
   </datafield>
   <datafield tag="653" ind2=" " ind1=" ">
      <subfield code="a">Open access publishing</subfield>
   </datafield>
   <datafield tag="653" ind2=" " ind1=" ">
      <subfield code="a">Gestió de la informació</subfield>
   </datafield>
   <datafield tag="653" ind2=" " ind1=" ">
      <subfield code="a">Macrodades</subfield>
   </datafield>
   <datafield tag="653" ind2=" " ind1=" ">
      <subfield code="a">Administració electrònica</subfield>
   </datafield>
   <datafield tag="653" ind2=" " ind1=" ">
      <subfield code="a">Organismes de l'administració pública</subfield>
   </datafield>
   <datafield tag="653" ind2=" " ind1=" ">
      <subfield code="a">Bases de dades web -- Gestió</subfield>
   </datafield>
   <datafield tag="653" ind2=" " ind1=" ">
      <subfield code="a">Accés obert</subfield>
   </datafield>
   <datafield ind2="0" ind1="0" tag="245">
      <subfield code="a">Open Data a l’entorn públic</subfield>
   </datafield>
</record></metadata></record></GetRecord></OAI-PMH>